Vista normal
Vista MARC
Entrada Geographic Name
Número de registros utilizados en: 1
001 - CONTROL NUMBER
- control field: 9428
003 - CONTROL NUMBER IDENTIFIER
- control field: DLC
005 - DATE AND TIME OF LATEST TRANSACTION
- control field: 20210325091613.0
008 - FIXED-LENGTH DATA ELEMENTS
- fixed length control field: 800528n| azannaabn |a ana
010 ## - LIBRARY OF CONGRESS CONTROL NUMBER
- LC control number: n 79089622
- Canceled/invalid LC control number: sh 87001183
035 ## - SYSTEM CONTROL NUMBER
- System control number: (OCoLC)oca00321992
040 ## - CATALOGING SOURCE
- Original cataloging agency: DLC
- Language of cataloging: spa
- Description conventions: rda
- Transcribing agency: Mx-PuUPA
- Modifying agency: DLC
- Modifying agency: WaU
- Modifying agency: OCoLC
- Modifying agency: IEN
- Modifying agency: CSt
- Modifying agency: Mx-PuUPA
043 ## - GEOGRAPHIC AREA CODE
- Geographic area code: e-sp---
151 ## - HEADING--GEOGRAPHIC NAME
- Geographic name: Galicia (Spain : Region),
374 ## - OCCUPATION
- Occupation: Autor
377 ## - ASSOCIATED LANGUAGE
- Language code: Gag
451 ## - SEE FROM TRACING--GEOGRAPHIC NAME
- Control subfield: nnaa
- Geographic name: Galicia, Spain
451 ## - SEE FROM TRACING--GEOGRAPHIC NAME
- Geographic name: Jalisia (Spain : Region)
451 ## - SEE FROM TRACING--GEOGRAPHIC NAME
- Geographic name: Galiza (Spain : Region)
670 ## - SOURCE DATA FOUND
- Source citation: Vicetto, B. Historia del siglo XV en Galicia, 1944.
670 ## - SOURCE DATA FOUND
- Source citation: O Estatuto dos 16, 1979:
- Information found: p. 3 (Galicia)
670 ## - SOURCE DATA FOUND
- Source citation: Spain. Legislación preautonómica, 1980:
- Information found: t.p. (Galicia) p. 35 (Real Decreto-ley 7/1978, de 16 de marzo (Jefatura), por el que se aprueba el régimen preautonómico para Galicia) p. 36 (incl. provs. of La Coruña, Lugo, Orense, Pontevedra; organ of govt., Junta de Galicia)
670 ## - SOURCE DATA FOUND
- Source citation: Jalisia, 1993.
670 ## - SOURCE DATA FOUND
- Source citation: Historia do ensino no Reino de Galiza ... 1995:
- Information found: t.p. (Reino de Galiza, anos 414-1483)
670 ## - SOURCE DATA FOUND
- Source citation: Phone call to Embassy of Spain, Ed. Off.
- Information found: (Rosa López Bullón, a native Galician, said that "Jalisia" was a spelling that represents a dialectical pronunciation of the word "Galicia.")
781 #0 - SUBDIVISION LINKING ENTRY--GEOGRAPHIC SUBDIVISION
- Geographic subdivision: Spain
- Geographic subdivision: Galicia (Region)